Rajalakshmiyude kathakal/ (Record no. 141348)

000 -LEADER
fixed length control field 00422nam a22001571a 4500
020 ## - INTERNATIONAL STANDARD BOOK NUMBER
International Standard Book Number 9788122610581
082 ## - DEWEY DECIMAL CLASSIFICATION NUMBER
Classification number M301
Item number RAJ/R
100 ## - MAIN ENTRY--PERSONAL NAME
Personal name Rajalakshmi
9 (RLIN) 149334
245 ## - TITLE STATEMENT
Title Rajalakshmiyude kathakal/
Statement of responsibility, etc. by Rajalakshmi
260 ## - PUBLICATION, DISTRIBUTION, ETC.
Place of publication, distribution, etc. Thrissur:
Name of publisher, distributor, etc. Current Books,
Date of publication, distribution, etc. 2018.
300 ## - PHYSICAL DESCRIPTION
Extent 180p.
650 ## - SUBJECT ADDED ENTRY--TOPICAL TERM
Topical term or geographic name entry element Stories Malayalam
9 (RLIN) 149335
650 ## - SUBJECT ADDED ENTRY--TOPICAL TERM
Topical term or geographic name entry element Literature Malayalam
9 (RLIN) 149336
650 ## - SUBJECT ADDED ENTRY--TOPICAL TERM
Topical term or geographic name entry element Literature
9 (RLIN) 149337
942 ## - ADDED ENTRY ELEMENTS (KOHA)
Koha item type Book
Holdings
Withdrawn status Lost status Damaged status Not for loan Permanent Location Current Location Shelving location Date acquired Cost, normal purchase price Total Checkouts Full call number Barcode Date last seen Date last checked out Price effective from Koha item type Source of classification or shelving scheme
        Sree Sankaracharya University of Sanskrit Sree Sankaracharya University of Sanskrit Stacks 09.04.2019 180.00 3 M301 RAJ/R 094497 19.07.2023 15.07.2023 09.04.2019 Book  
        Sree Sankaracharya University of Sanskrit Sree Sankaracharya University of Sanskrit Stacks 05.03.2026 250.00   M301 RAJ/R 107721 05.03.2026   05.03.2026 Book  
        Sree Sankaracharya University of Sanskrit Sree Sankaracharya University of Sanskrit Stacks 05.03.2026 250.00   M301 RAJ/R 107619 05.03.2026   05.03.2026 Book